Foro Jurd̕ico Vd̕eos

Detalles Bibliográficos
Formato: eBook
Lenguaje:español
Publicado: Ciudad de Mx̌ico: Foro Jurd̕ico, 2018 -
Materias:
Acceso en línea:Acceso restringido

MARC

LEADER 00000nam a22000007a 4500
005 20200821230520.0
007 cr|||| ||||
008 200821c20189999mx wr|w s|||| 0|||b1spa d
035 |a 32067 
040 |a vLex 
090 |c 10731  |d 10731 
245 0 0 |a Foro Jurd̕ico  |h [Recurso electrn̤ico] :  |b Vd̕eos 
256 |a Servicio en ln̕ea 
260 |a Ciudad de Mx̌ico:  |b Foro Jurd̕ico,  |c 2018 - 
300 |a 1 recurso electrn̤ico 
310 |a Semanal 
506 1 |a Disponible solo en los productos indicados  |d vLex Global  |d vLex Global (Academic Edition, excluding Law Schools)  |d vLex Global (U.S. Academic Edition, Law Schools)  |d vLex Global (U.S. Academic Edition, excluding Law Schools)  |d vLex Global (Academic Edition, Law Schools) 
650 0 4 |a Ciencias sociales  |z Mx̌ico 
740 0 |a vLex Revistas (Servicio en ln̕ea) 
856 4 0 |u http://vlex.com/source/foro-juridico-videos-32067  |z Acceso restringido 
942 |c REV 
999 0 |a Social Sciences